| 000 | 00748nam a2200301Ia 4500 | ||
|---|---|---|---|
| 008 | 180803s9999 xx 000 0 und d | ||
| 020 | _a9780439574624 | ||
| 050 | _bM169 2003 | ||
| 100 | _aMcNamara, Margaret | ||
| 245 | 0 | _aOne hundred days : | |
| 245 | 0 | _bplus one / | |
| 245 | 0 | _cby Margaret McNamara ; illustrated by Mike Gordon. | |
| 260 | _aBroadway, New York : | ||
| 260 | _bScholastic, | ||
| 260 | _c2003 | ||
| 300 | _a32 pages : | ||
| 300 | _bcolored ; | ||
| 300 | _c23cm. | ||
| 440 | _aRobin Hill school. | ||
| 500 | _a430 | ||
| 650 | _aButtons -- | ||
| 650 | _aSchool -- | ||
| 650 | _aSchools -- | ||
| 650 | _xFiction. | ||
| 650 | _xJuvenile literature. | ||
| 650 | _xJuvenile Literature. | ||
| 700 | _aTitle. | ||
| 999 |
_c358252 _d358252 |
||